La vida en la ruta de la seda / (Record no. 18204)

MARC details
000 -LEADER
campo de control de longitud fija 00725nam a2200241 i 4500
001 - NÚMERO DE CONTROL
campo de control 18204
003 - IDENTIFICADOR DE NÚMERO DE CONTROL
campo de control ES-MaACL
005 - FECHA Y HORA DE LA ÚLTIMA TRANSACCIÓN
campo de control 20230906151759.0
007 - CAMPO FIJO DE DESCRIPCIÓN FÍSICA--INFORMACIÓN GENERAL
campo de control de longitud fija t|
008 - DATOS DE LONGITUD FIJA--INFORMACIÓN GENERAL
campo de control de longitud fija 010813s2000 sp a |||| | spa j
020 ## - NÚMERO INTERNACIONAL ESTÁNDAR DEL LIBRO
Número Internacional Estándar del Libro 84-493-0961-1
080 ## - NÚMERO DE LA CLASIFICACIÓN DECIMAL UNIVERSAL
Número de la Clasificación Decimal Universal 915
100 1# - ENTRADA PRINCIPAL--NOMBRE DE PERSONA
Nombre de persona Whitfield, Susan.
9 (RLIN) 116702
245 13 - MENCIÓN DEL TÍTULO
Título La vida en la ruta de la seda /
Mención de responsabilidad, etc. Susan Whitfield ; [traducción de Alicia Sánchez Millet].
260 ## - PUBLICACIÓN, DISTRIBUCIÓN, ETC.
Lugar de publicación, distribución, etc. Barcelona :
Nombre del editor, distribuidor, etc. Paidós,
Fecha de publicación, distribución, etc. [2000]
300 ## - DESCRIPCIÓN FÍSICA
Extensión 285 p :
Otras características físicas il ;
Dimensiones 24 cm.
490 1# - MENCIÓN DE SERIE
Mención de serie Paidós orígenes ;
Designación de volumen o secuencia 17
651 #4 - PUNTO DE ACCESO ADICIONAL DE MATERIA--NOMBRE GEOGRÁFICO
Nombre geográfico Ruta de la Seda.
9 (RLIN) 151299
700 1# - ENTRADA AGREGADA--NOMBRE PERSONAL
Nombre de persona Sánchez Millet, Alicia.
9 (RLIN) 102782
830 0# - PUNTO DE ACCESO ADICIONAL DE SERIE-TÍTULO UNIFORME
Título uniforme Paidós orígenes ;
Designación de volumen o secuencia 17
9 (RLIN) 180406
852 ## - LOCALIZACIÓN
Ubicación ES-MaACL
Número de control de estantería L-24889
Holdings
Estatus retirado Estado de pérdida Estado de daño No para préstamo Biblioteca de origen Biblioteca actual Ubicación en estantería Fecha de adquisición Fuente de adquisición Total de préstamos Signatura topográfica completa Código de barras Visto por última vez Precio de reemplazo Tipo de ítem Koha
        Biblioteca del Ateneo de Madrid Biblioteca del Ateneo de Madrid Depósito 2 17/01/2008     L-24889 1018613 23/02/2023 23/02/2023 Libro impreso